История Великой Победы. История уголовно-исполнительной системы России: взгляд курсанта (Запись № 11025576)
[ простой вид ]
| 000 -МАРКЕР | |
|---|---|
| контрольное поле | 02566nam0a2200325 i 4500 |
| 001 - ИДЕНТИФИКАТОР ЗАПИСИ | |
| контрольное поле | RU\NLR\BIBL_A\011311817 |
| 005 - ИДЕНТИФИКАТОР ВЕРСИИ | |
| контрольное поле | 20240921204023.0 |
| 010 ## - МЕЖДУНАРОДНЫЙ СТАНДАРТНЫЙ НОМЕР КНИГИ (ISBN) | |
| Номер (ISBN) | 9785912460678 |
| Тираж | 32 |
| 021 ## - НОМЕР ГОСУДАРСТВЕННОЙ РЕГИСТРАЦИИ | |
| Код страны | российская федерация |
| Номер | 2016-97196 |
| Номер Листа государственной регистраци | 6446 |
| 035 ## - ДРУГИЕ СИСТЕМНЫЕ НОМЕРА | |
| Идентификатор записи | (NLR Aleph) 011311817 |
| 100 ## - ДАННЫЕ ОБЩЕЙ ОБРАБОТКИ | |
| Данные общей обработки | 20170118d2016 km y0rusy50 ca |
| 101 0# - ЯЗЫК РЕСУРСА | |
| Язык текста, звукозаписи и т.д. | русский |
| 102 ## - СТРАНА ПУБЛИКАЦИИ ИЛИ ПРОИЗВОДСТВА | |
| Страна публикации | российская федерация |
| 105 ## - ПОЛЕ КОДИРОВАННЫХ ДАННЫХ: ТЕКСТОВЫЕ МАТЕРИАЛЫ, МОНОГРАФИЧЕСКИЕ | |
| Кодированные данные о монографическом текстовом документе | y|||z|||100zy |
| 200 1# - ЗАГЛАВИЕ И СВЕДЕНИЯ ОБ ОТВЕТСТВЕННОСТИ | |
| Основное заглавие | История Великой Победы. История уголовно-исполнительной системы России: взгляд курсанта |
| Сведения, относящиеся к заглавию | сборник материалов курсантских научно-практических конференций (["История уголовно-исполнительной системы России"], 22-24 марта 2016 г., ["История Великой Победы"], 20-22 апреля 2016 г.) |
| 210 ## - ПУБЛИКАЦИЯ, РАСПРОСТРАНЕНИЕ И ДР. | |
| Место издания, распространения и т.д. | Новокузнецк |
| Имя издателя, распространителя и т. д. | Организационно-научное и редакционно-издательское отделение ФКОУ ВПО Кубасский институт ФСИН России |
| Дата издания, распространения и т.д. | 2016 |
| 215 ## - ФИЗИЧЕСКАЯ ХАРАКТЕРИСТИКА | |
| Специфическое обозначение материала и объем | 173 с. |
| Размеры | 20 |
| 300 ## - ОБЩИЕ ПРИМЕЧАНИЯ | |
| Текст примечания | В надзаг.: Федер. казен. образоват. учреждение высш. образования "Кузбас. ин-т Федер. службы исполнения наказаний" |
| 320 ## - ПРИМЕЧАНИЯ О НАЛИЧИИ В ДОКУМЕНТЕ БИБЛИОГРАФИИ / УКАЗАТЕЛЯ | |
| Текст примечания | Библиогр. в конце ст. и в подстроч. примеч. |
| 517 1# - ДРУГИЕ ВАРИАНТЫ ЗАГЛАВИЯ | |
| Вариант заглавия | История уголовно-исполнительной системы России: взгляд курсанта |
| 606 1# - НАИМЕНОВАНИЕ ТЕМЫ КАК ПРЕДМЕТ | |
| Наименование темы | Уголовно-исполнительная система |
| Формальный подзаголовок | Съезды, совещания и т.п |
| Тематический подзаголовок | История |
| Географический подзаголовок | СССР |
| Хронологический подзаголовок | 1941 - 1945 |
| Системный номер авторитетной/нормативной записи | 2420145 |
| Идентификатор авторитетной/нормативной записи | RU\NLR\AUTH\661441320 |
| 686 1# - ИНДЕКСЫ ДРУГИХ КЛАССИФИКАЦИЙ | |
| Индекс | Х628.4-1я431 |
| 711 12 - НАИМЕНОВАНИЕ ОРГАНИЗАЦИИ - АЛЬТЕРНАТИВНАЯ ОТВЕТСТВЕННОСТЬ | |
| Начальный элемент ввода | "История уголовно-исполнительной системы России", научно-практическая конференция курсантов вузов ФСИН России |
| Место проведения временной организации | Новокузнецк |
| Дата проведения временной организации | 2016 |
| Системный номер авторитетной/нормативной записи | 545603 |
| Идентификатор авторитетной/нормативной записи | RU\NLR\AUTH\880440723 |
| 711 12 - НАИМЕНОВАНИЕ ОРГАНИЗАЦИИ - АЛЬТЕРНАТИВНАЯ ОТВЕТСТВЕННОСТЬ | |
| Начальный элемент ввода | "История Великой Победы", научно-практическая конференция курсантов вузов ФСИН России |
| Место проведения временной организации | Новокузнецк |
| Дата проведения временной организации | 2016 |
| Системный номер авторитетной/нормативной записи | 545605 |
| Идентификатор авторитетной/нормативной записи | RU\NLR\AUTH\880440724 |
| 942 ## - ДОПОЛНИТЕЛЬНЫЕ ЭЛЕМЕНТЫ ЗАПИСИ (АБИС) | |
| Тип экземпляра АБИС | Книга |
| 980 ## - КОЛЛЕКЦИЯ | |
| Название коллекции | НБР |
Нет доступных экземпляров.